[Event "Panchenko Memorial-B 2020"]
[Site "Chelyabinsk"]
[Date "2020.09.10"]
[Round "4.1"]
[White "Bodnaruk, Anastasia"]
[Black "Bivol, Alina"]
[Result "1-0"]
[WhiteElo "2411"]
[BlackElo "2386"]
[Annotator "TA"]
[PlyCount "71"]
[EventDate "2020.09.07"]
[EventType "swiss"]
[EventCountry "RUS"]
[SourceTitle "playchess.com"]
[Source "ChessBase"]
[SourceQuality "1"]

{[%evp 16,70,34,0,54,55,60,54,64,55,66,64,95,98,88,101,367,405,397,400,375,146,152,165,128,119,340,331,394,156,839,839,831,813,659,522,502,489,815,774,1151,1116,1223,1223,1191,1143,1272,1276,1222,1222,1198,1185,5806,1170,29998,29999,29999]} 1. e4 e6 2. d4 d5 3. Nc3 Bb4 4. e5 c5 5. a3 Bxc3+ 6. bxc3 Ne7 7. Qg4 O-O 8. Bd3 Nbc6 9. Qh5 {[%csl Gd3][%cal Rh5h7]} (9. Nf3 $5 {[%cal Rd3h7]} Ng6 10. O-O $14) 9... g6 {C18: French: 3 Nc3 Bb4: Main line: 7 h4 and 7 Qg4.} (9... Ng6 $11) 10. Qh6 $14 {And now Bg5! would win.} f6 11. Nf3 {Black must now prevent exf6.} Nf5 {White is slightly better.} 12. Bxf5 $1 exf5 13. O-O $40 {[%mdl 128] White is up to no good.} fxe5 {[%cal Rc5d4]} 14. Bg5 Qc7 {[%cal Rc5d4]} 15. dxe5 Nxe5 $2 {[%mdl 8192]} (15... f4 $16 {was worth a try.}) 16. Nxe5 $18 Qxe5 17. Rae1 Qg7 {[#]} 18. Qh4 $146 (18. Re7 $1 $18 {[%csl Ge7][%cal Rh6g7]} Rf7 19. Re8+ Rf8 20. Qxg7+ Kxg7 21. Bh6+ $1 {[%mdl 576] Skewer, Deflection} Kxh6 22. Rxf8) ({Predecessor:} 18. Re7 Qxh6 19. Bxh6 Rd8 20. Rfe1 {1-0 (20) Jung,R-Vetter,U GER email 2008}) 18... Bd7 $16 ({Avoid the trap} 18... Qxc3 $2 19. Re7 $18) 19. Re7 Rf7 20. Rfe1 Qxc3 $2 {[#]} (20... h5 $16) 21. h3 $1 $18 Raf8 22. Qf4 $2 (22. Bh6 $18 Ra8 23. R1e3) 22... Bc6 $2 ({Don't blunder} 22... Qxa3 $2 23. Bh6 $18) ({Wrong is} 22... Qxc2 $2 23. Rxf7 Kxf7 24. Qe5 $18) (22... Qg7 $16) 23. Bh6 Rd8 24. Qg5 Rc8 25. R1e6 Rxe7 26. Rxe7 c4 (26... Be8 $142 27. Rg7+ Qxg7 28. Bxg7 Kxg7 29. Qe7+ Bf7 30. Qxb7 Re8 31. Qxa7 Re4) 27. Re3 Qa1+ 28. Kh2 Qd4 29. Qe7 Re8 {[#]} 30. Qd6 $1 {[%mdl 512] Intending Rxe8+ and mate.} Qxe3 31. fxe3 Kf7 32. Bg5 {Qf6+ would kill now.} Re6 33. Qc7+ Ke8 34. Qxh7 (34. Qg7 $142 Ba4 35. Qg8+ {[%mdl 64] Double Attack} Kd7 36. Qf7+ Kd6 37. Bf4+ Kc5 38. Qxe6) 34... d4 35. Qg8+ {[%mdl 64] Double Attack} Kd7 36. Qd8# {Accuracy: White = 70%, Black = 30%.} 1-0

[Event "Panchenko Memorial-B 2020"]
[Site "Chelyabinsk"]
[Date "2020.09.10"]
[Round "4.2"]
[White "Guseva, Marina"]
[Black "Semenova, Elena"]
[Result "1/2-1/2"]
[WhiteElo "2378"]
[BlackElo "2283"]
[Annotator "TA"]
[PlyCount "124"]
[EventDate "2020.09.07"]
[EventType "swiss"]
[EventCountry "RUS"]
[SourceTitle "playchess.com"]
[Source "ChessBase"]
[SourceQuality "1"]

{[%evp 12,124,13,14,6,14,10,12,7,11,12,1,30,40,39,43,58,-4,-2,-63,-36,-73,-7,-9,21,17,202,209,195,212,209,203,179,75,73,68,77,80,85,72,114,110,103,105,103,104,118,112,181,140,134,137,144,139,200,160,175,95,95,75,75,73,69,33,36,36,48,33,34,14,39,34,34,33,29,29,27,27,52,29,57,33,33,27,29,22,22,22,22,22,22,22,27,22,33,22,22,0,22,22,22,22,33,0,30,0,0,0,20,20,22,0,0,0,25]} 1. d4 Nf6 2. c4 e6 3. Nc3 Bb4 4. Qc2 O-O 5. a3 Bxc3+ 6. Qxc3 d6 7. f3 c5 {E32: Nimzo-Indian: Classical (4 Qc2): 4...0-0.} 8. dxc5 dxc5 9. Bg5 Nc6 10. e3 e5 11. Bd3 h6 12. Bh4 Qa5 13. Ne2 $1 e4 {[#]} 14. fxe4 $146 (14. Bc2 $14) ({Predecessor:} 14. Bc2 Qxc3+ 15. Nxc3 exf3 16. gxf3 Ne5 17. Bxf6 gxf6 18. Ke2 Nxc4 19. b3 Ne5 20. Nd5 {½-½ (40) Rowson,J (2580)-Drasko,M (2540) France 2008}) 14... Ng4 $11 15. Kd2 (15. O-O $11) 15... Nge5 $15 {[%mdl 1024] Black has compensation.} 16. Kc2 Bg4 (16... Nxd3 $17 17. Qxd3 Ne5) 17. h3 $1 $132 {[%cal Rh3g4][%mdl 2048] White is fighting back} Bd7 18. Rhd1 b5 $2 (18... Rfe8 $11 {and Black is okay.}) 19. cxb5 $18 c4 20. Bxc4 (20. bxc6 $6 cxd3+ 21. Rxd3 Qa4+ 22. b3 Qxe4 $14) 20... Nxc4 {[#]} 21. Qxa5 $1 ({Worse is} 21. Rxd7 Qxb5 22. Rd5 Nxa3+ 23. Kd2 (23. Rxa3 Qxe2+ 24. Rd2 Qh5 $15) 23... Nc4+ 24. Kc1 Qb4 $14) ({Inferior is} 21. Qxc4 Be6 $11) (21. bxc6 Bxc6 22. Rd4 (22. Qxc4 Ba4+ 23. Kb1 Bxd1 $17) 22... Qxc3+ 23. Kxc3 Nxe3 $11) 21... Nxe3+ 22. Kd3 (22. Kb1 $18 {has better winning chances.} Nxa5 23. Rxd7) 22... Nxa5 $16 23. Kxe3 {[%mdl 64] Discovered Attack} Nc4+ 24. Kf2 Bxb5 25. b3 Nb6 26. a4 {[%cal Ba3a4,Ba4a5][%mdl 32]} Bc6 27. a5 Nc8 28. e5 g5 29. Bg3 f5 (29... Ne7 $16) 30. exf6 Rxf6+ 31. Kg1 Ne7 32. Nd4 Bd5 (32... Be8 $16 {is a better defense.} 33. Rf1 Rxf1+ 34. Rxf1 Nd5) 33. Rac1 Nc6 {[#]} 34. Nxc6 (34. Rc5 $1 $18 {[%cal Rc5d5]} Nxd4 35. Rxd5 Ne2+ 36. Kh2) 34... Bxc6 35. Rd6 Rxd6 36. Bxd6 {[%mdl 4096] Endgame KRB-KRB} Bb5 37. Rc7 Rd8 38. Be5 Rd7 39. Rc8+ Kf7 40. Rb8 Rd5 41. Bc3 a6 42. Rb6 Rd3 43. Be5 Re3 44. Bd4 Re4 45. Bc5 (45. Bh8 {is interesting.} h5 46. Rf6+ Kg8 47. Rh6 Kf7 48. Bb2) 45... Re6 46. Rb7+ Kg6 47. Bf8 h5 48. Bc5 Re1+ 49. Kh2 Re2 50. Rb6+ Kf5 51. b4 Rc2 52. Rb8 Kg6 53. Rf8 Bc6 54. Bf2 Kg7 55. Rf5 Kg6 56. Rc5 Be4 57. Kg1 (57. Rxc2 {keeps more tension.} Bxc2 58. g4 Ba4 59. Be3 Bc6 60. Kg3) 57... Rxc5 (57... Rb2 {with more complications.} 58. Re5 Rxb4 59. Be3 Bf5 60. Rc5 Re4) 58. bxc5 (58. Bxc5 {looks sharper.} Kf5 59. Kf2 Bc6 60. Be7 g4 61. h4) 58... Kf5 {The position is equal.} 59. Be3 Bc6 60. Kf2 g4 61. h4 Ke4 62. g3 Ke5 {Blacks defense is rewarded with a draw. Accuracy: White = 83%, Black = 72%.} 1/2-1/2

[Event "Panchenko Memorial-B 2020"]
[Site "Chelyabinsk"]
[Date "2020.09.10"]
[Round "4.3"]
[White "Maltsevskaya, Aleksandra"]
[Black "Garifullina, Leya"]
[Result "1/2-1/2"]
[WhiteElo "2272"]
[BlackElo "2357"]
[Annotator "TA"]
[PlyCount "209"]
[EventDate "2020.09.07"]
[EventType "swiss"]
[EventCountry "RUS"]
[SourceTitle "playchess.com"]
[Source "ChessBase"]
[SourceQuality "1"]

{[%evp 21,209,13,27,-18,-12,-5,-9,-13,-15,-15,-17,-12,0,-2,0,-12,-12,-10,-1,-12,-4,0,0,0,0,0,-5,-12,0,0,0,0,0,0,0,0,0,0,0,0,0,0,0,0,0,-10,-10,-10,0,0,0,0,0,0,0,0,0,0,0,0,0,0,0,0,0,0,0,0,0,0,0,0,0,0,0,0,0,0,0,0,0,0,0,0,0,0,0,0,0,0,0,0,0,0,0,0,0,0,0,0,0,0,0,0,0,0,0,0,0,0,0,0,0,0,0,0,0,0,0,0,0,0,0,0,0,0,0,0,0,0,0,0,0,0,0,0,0,0,0,0,0,0,0,0,0,0,0,0,0,0,0,0,0,0,0,0,0,0,0,0,0,0,0,0,0,0,0,0,0,0,0,0,0,0,0,0,0,0,0,0,0,0,0,0,0,0,0,0,0,0]} 1. d4 Nf6 2. Nf3 e6 3. g3 d5 4. Bg2 Be7 5. O-O O-O 6. c4 Nbd7 7. Qc2 c6 8. Nbd2 b6 9. e4 dxc4 10. Nxc4 Bb7 11. Rd1 c5 12. Ng5 {[#] e5 is the strong threat. E09: Closed Catalan: Main Line: 7 Qc2 c6 8 Nbd2.} h6 {The position is equal.} 13. e5 Bxg2 14. exf6 Nxf6 15. Kxg2 hxg5 16. dxc5 Qc7 17. Bxg5 Qxc5 18. Bxf6 Bxf6 {[#]} 19. Qe2 $146 ({Predecessor:} 19. Rac1 Rac8 20. Qe2 Qc6+ 21. f3 Rfd8 22. Rxd8+ Rxd8 23. Rc2 b5 24. Ne5 Qd5 25. Nc6 {0-1 (40) Sheng,J (2483)-Liang,A (2599) Greensboro 2019}) 19... Rfd8 20. Rac1 Rxd1 21. Rxd1 Rd8 22. Rxd8+ Bxd8 23. b3 b5 24. Qd3 Bc7 25. Nd2 Bb6 26. Ne4 Qc6 {[#] White must now prevent ...f5.} 27. Qf3 {Threatens to win with Nf6+!} Qd5 28. Nc3 Qxf3+ 29. Kxf3 $11 {[%mdl 4096] Endgame KB-KN} a6 30. Ke2 Kf8 31. f4 f5 32. Kd3 Ke7 33. Ne2 Kd6 34. Nd4 Kd5 35. Nc2 Bg1 36. h3 Bh2 37. Ne3+ Kd6 38. Nf1 Bg1 39. g4 g6 40. Ne3 Bh2 41. Ng2 e5 42. fxe5+ Bxe5 43. Nh4 fxg4 44. hxg4 g5 45. Nf3 Bf6 46. Ke4 Ke6 47. Ne1 Bd8 48. Nc2 Kd6 49. Nb4 a5 50. Nd3 Be7 51. Ne5 Kc5 52. Kf5 a4 53. Ke6 axb3 54. axb3 Bd8 55. Nf7 Bb6 56. Nxg5 Kb4 57. Ne4 Be3 58. Nd6 Bg5 59. Kd5 Bh4 60. Kc6 Kxb3 61. Kxb5 Ka2 62. Kc4 Be7 63. Kd5 (63. Nf5 {keeps more tension.}) 63... Bh4 64. Nc4 (64. Nf5 {is interesting.}) 64... Ka1 65. Ne5 Ka2 66. Ke6 (66. Nf3 {looks sharper.}) 66... Ka1 67. Kf5 (67. Nf3 {is more complex.}) 67... Ka2 68. Nf7 Ka1 69. Ng5 Bf2 70. Nf3 {aiming for g5.} Be3 $1 71. Ne5 (71. Ke4 {with more complications.}) 71... Ka2 72. Nd3 Bh6 73. Nf4 Ka1 74. Ne6 Ka2 75. Ng5 Bf8 76. Kf6 {Strongly threatening Nf7.} Bc5 (76... Kb3 {is more complex.}) 77. Kf5 Be7 78. Kg6 Bd8 79. Ne4 Bh4 80. Ng5 Bf2 81. Nf3 Be3 82. Ne5 Ka1 83. Kf5 Ka2 84. Ng6 Bh6 85. Nf4 Ka1 86. Ne6 Ka2 87. Ng5 Bf8 88. Ne4 Bh6 $1 89. Nc5 Ka1 90. Kf6 Be3 91. Nd3 Bd2 92. Ke5 Bg5 93. Ne1 Ka2 94. Kf5 (94. Nf3 {feels hotter.}) 94... Bd8 95. Nc2 Be7 96. Ne3 Bd8 97. Nd5 {And now Nf6 would win.} Bh4 $1 98. Kg6 Ka1 99. Nc3 Bd8 100. Ne4 Bh4 101. Ng5 Bf2 102. Kf5 Bh4 103. Kg6 Bf2 104. Nf3 Be3 105. Ng5 {A rather calm draw. Accuracy: White = 99%, Black = 100%.} 1/2-1/2

[Event "Panchenko Memorial-B 2020"]
[Site "Chelyabinsk"]
[Date "2020.09.10"]
[Round "4.4"]
[White "Smirnova, Ekaterina"]
[Black "Kovanova, Baira"]
[Result "1-0"]
[WhiteElo "2278"]
[BlackElo "2343"]
[Annotator "TA"]
[PlyCount "77"]
[EventDate "2020.09.07"]
[EventType "swiss"]
[EventCountry "RUS"]
[SourceTitle "playchess.com"]
[Source "ChessBase"]
[SourceQuality "1"]

{[%evp 16,77,32,24,24,34,22,31,26,-6,7,-9,18,10,8,9,60,34,69,21,135,120,136,131,127,86,95,54,59,59,56,56,120,106,160,156,268,258,254,271,362,409,387,405,394,404,403,398,389,379,366,302,296,244,839,835,1057,1037,6425,6008,29961,29960,2029,946]} 1. d4 Nf6 2. c4 e6 3. Nf3 Bb4+ 4. Bd2 a5 5. g3 d6 6. Bg2 Nbd7 7. O-O e5 8. Nc3 O-O 9. Qc2 Re8 {E11: Bogo-Indian.} 10. dxe5 dxe5 11. Rad1 c6 {White is slightly better.} 12. h3 {[#]} h6 $146 ({Predecessor:} 12... Qc7 13. Be3 Bc5 14. Qc1 a4 15. Ne1 Qb6 16. Nc2 Bxe3 17. Nxe3 Nc5 18. Nc2 Be6 {0-1 (39) Havas,L (2262)-Kovacevic,B (2467) Bol 2014}) 13. Be3 Qc7 14. Nh4 $36 {[%mdl 2048] White fights for an advantage.} Bf8 15. Na4 e4 (15... Qb8 $11) 16. Nf5 $1 $14 Ne5 17. Nd4 c5 (17... Bd7 $11 {keeps the balance.}) 18. Nb5 $16 Qc6 19. b3 Bf5 20. Rd2 Ra6 21. Qc3 Qc8 22. Kh2 $1 Bd7 23. Rfd1 Ree6 {Black is now going downhill.} ({Better is} 23... Ng6 $14) 24. Qc1 b6 (24... Ra8 $142) 25. Nac3 Re8 (25... Bxb5 $16 26. Nxb5 (26. cxb5 Ra8 $16) 26... Ra8) 26. Nd6 $18 Bxd6 27. Rxd6 Bf5 {[#]} 28. Bxh6 $1 {[%mdl 512]} Nfg4+ (28... gxh6 29. Rxf6) 29. hxg4 Nxg4+ 30. Kg1 {Black must now prevent Qg5!} Nxh6 {[#]} 31. Nxe4 $1 {[%mdl 512]} Bxe4 (31... Rxe4 32. Bxe4) 32. Bxe4 Qc7 33. Bb1 Raa8 34. Qc2 g6 $2 (34... Rad8) 35. Qd2 Ng4 {[#]} 36. Bxg6 $1 {[%mdl 512]} Ne3 {[#]} (36... fxg6 37. Rxg6+) 37. Rd7 $1 {[%mdl 512]} Qe5 38. Bxf7+ {[%mdl 64] Double Attack} Kf8 39. Qxe3 {Accuracy: White = 81%, Black = 45%.} 1-0

[Event "Panchenko Memorial-B 2020"]
[Site "Chelyabinsk"]
[Date "2020.09.10"]
[Round "4.5"]
[White "Nur-Mukhametova, Alisa"]
[Black "Goltseva, Ekaterina"]
[Result "0-1"]
[WhiteElo "2262"]
[BlackElo "2306"]
[Annotator "TA"]
[PlyCount "118"]
[EventDate "2020.09.07"]
[EventType "swiss"]
[EventCountry "RUS"]
[SourceTitle "playchess.com"]
[Source "ChessBase"]
[SourceQuality "1"]

{[%evp 19,118,-14,-7,-2,-7,-16,0,0,0,-12,0,-25,-13,-41,-42,-60,-60,-46,-61,-68,-71,-79,-76,-94,-81,-79,-58,-58,-63,-75,-76,-71,-49,-57,-34,-52,-59,-75,-75,-75,-75,-76,-77,-77,-74,-97,-103,-113,-122,-118,-106,-239,-239,-239,-239,-239,-172,-308,-307,-381,-357,-392,-395,-386,-377,-377,-375,-562,-560,-533,-267,-561,-560,-407,-438,-785,-462,-428,-428,-29968,-29969,-29969,-29970,-29970,-29973,-29965,-29965,-29973,-29974,-29971,-29972,-29966,-29966,-29985,-29986,-29986,-29985,-29987,-29988,-29987,-29982]} 1. e4 e5 2. Nf3 Nc6 3. Bb5 a6 4. Bxc6 dxc6 5. Nc3 f6 6. d4 exd4 7. Qxd4 Qxd4 8. Nxd4 Bd7 9. Be3 O-O-O 10. O-O-O Ne7 11. f3 {C68: Ruy Lopez: Exchange Variation, sidelines.} Ng6 {[#]} 12. b3 $146 ({Predecessor:} 12. h4 h5 13. Nde2 Bd6 14. Na4 Be6 15. Nc5 Bf7 16. Nd3 b6 17. Nd4 Ne7 18. Ne2 c5 {0-1 (47) Stojanovski,D (2436)-Mista,A (2582) Kragujevac 2013}) 12... Ba3+ 13. Kb1 {The position is equal.} Rhe8 14. Bf2 h5 15. Rhe1 Bd6 16. Bg3 Bb4 $36 {[%mdl 2048] White is under pressure.} 17. Kb2 h4 18. Bf2 Bd6 19. g3 Ne5 20. f4 Ng4 21. Bg1 hxg3 22. hxg3 Rh8 23. Rd3 Rde8 24. Nf3 Rh3 25. Nd2 b5 26. a4 Kb7 27. axb5 cxb5 28. Bc5 Bxc5 29. Rxd7 {next Nd5 is good for White.} Re7 ({Reject} 29... Rxg3 30. Nd5 $11) 30. Rxe7 Bxe7 31. e5 fxe5 ({Of course not} 31... Rxg3 $6 32. Nd5 $16) 32. fxe5 {[#]} c6 $1 ({But not} 32... Rxg3 $6 33. Nd5 $11) 33. Nf3 Rxg3 34. Rd1 Bb4 (34... Kc7 {is more complex.} 35. Nd4 g6 36. Ne6+ Kc8 37. Rh1 Nxe5 38. Rh7 Bb4) 35. Na2 (35. Rd3 $17 {only move.}) 35... Rxf3 $19 36. Nxb4 Nxe5 {[%mdl 4096] Endgame KRN-KRN} 37. Rg1 Rf7 38. Ra1 (38. Rg5 $142 Re7 39. Kc3) 38... g5 39. Nxa6 {[#]} Kb6 $1 40. Nb4 g4 41. Re1 Rf5 42. Rg1 Kc5 43. Na2 (43. c3 $142) 43... Kd4 44. Nc3 {White hopes to continue with Re1.} Ke3 {Threatens to win with ...b4.} 45. Nd1+ $2 (45. Re1+ Kf2 46. Rd1) 45... Ke2 46. Nc3+ Kf2 47. Rd1 (47. Rh1 $142) 47... Rf4 {Strongly threatening ...g3.} 48. Rd2+ Kf3 {Hoping for ...g3.} 49. Ne2 (49. Rd1 $19 g3 50. Rf1+ Kg4 51. Rxf4+ Kxf4 52. Ne2+ Kf3 53. Nxg3 Kxg3 54. Kc3) 49... Ke3 {Black mates.} 50. Nxf4 Kxd2 {KN-KN} 51. Nh5 b4 52. Ng3 Nf3 53. Nh5 Ng5 54. Ng3 Ke3 55. Nf5+ Kf4 56. Nd4 c5 57. Ne2+ Kf3 58. Nc1 g3 59. Nd3 Ne4 {White did not feel at home in the position after the opening. Accuracy: White = 65%, Black = 93%.} 0-1

[Event "Panchenko Memorial-B 2020"]
[Site "Chelyabinsk"]
[Date "2020.09.11"]
[Round "5.1"]
[White "Goltseva, Ekaterina"]
[Black "Bodnaruk, Anastasia"]
[Result "0-1"]
[WhiteElo "2306"]
[BlackElo "2411"]
[Annotator "TA"]
[PlyCount "60"]
[EventDate "2020.09.07"]
[EventType "swiss"]
[EventCountry "RUS"]
[SourceTitle "playchess.com"]
[Source "ChessBase"]
[SourceQuality "1"]

{[%evp 13,60,29,38,31,50,54,65,65,69,45,55,24,22,0,21,-33,-30,-8,-8,-9,-5,-7,-18,-60,-60,-38,-10,0,0,-111,-81,-80,-91,-119,-118,-107,-106,-113,-108,-611,-612,-606,-604,-577,-299,-275,-245,-704,-672]} 1. d4 Nf6 2. c4 g6 3. Nc3 Bg7 4. e4 d6 5. Nf3 O-O 6. h3 e5 7. d5 Nh5 8. g3 {E90: King's Indian: Classical: Early deviations and 6 h3.} Qe8 9. Be2 f5 10. exf5 {White is slightly better.} gxf5 11. Ng5 Nf6 12. Qc2 Na6 {[%cal Bb8a6,Ba6c5,Bc5e4][%mdl 32] [#]} 13. a3 $146 ({Predecessor:} 13. Be3 Nb4 14. Qb3 a5 15. a3 Na6 16. O-O-O b6 17. Qc2 h6 18. Nf3 Nc5 19. Nh4 {½-½ (59) Simantsev,M (2486)-Kanarek,M (2530) Darlowo 2017}) 13... c6 14. Bd2 (14. Be3 $11) 14... h6 $15 15. Nf3 Nc5 16. Be3 Nce4 17. Nxe4 Nxe4 18. Nh4 cxd5 $1 19. cxd5 Bd7 20. g4 Rc8 21. Qd3 (21. Qb1 $1 $11) 21... Nc5 $36 {[%mdl 2048] Keeping White busy.} 22. Bxc5 e4 23. Qd2 Rxc5 24. Nxf5 Bxf5 25. gxf5 Rxf5 {Hoping for ...e3!} 26. Rc1 $2 {[%mdl 8192] [#] This move loses the game for White.} (26. Rd1 $17) 26... e3 $1 $19 {[%cal Re3d2][%mdl 512]} 27. fxe3 {[#]} (27. Qxe3 Qxe3) 27... Qe4 $1 {[%mdl 576] Double Attack} 28. Rg1 {With the idea Rxc5.} Rxc1+ 29. Qxc1 {Threatening Qc8+.} Qh4+ {[%mdl 64] Double Attack} 30. Kd2 $2 (30. Kd1 Rxd5+ 31. Bd3) 30... Rxd5+ {Accuracy: White = 62%, Black = 87%.} 0-1

[Event "Panchenko Memorial-B 2020"]
[Site "Chelyabinsk"]
[Date "2020.09.11"]
[Round "5.2"]
[White "Smirnova, Ekaterina"]
[Black "Borisova, Ekaterina"]
[Result "1/2-1/2"]
[WhiteElo "2278"]
[BlackElo "2283"]
[Annotator "TA"]
[PlyCount "93"]
[EventDate "2020.09.07"]
[EventType "swiss"]
[EventCountry "RUS"]
[SourceTitle "playchess.com"]
[Source "ChessBase"]
[SourceQuality "1"]

{[%evp 19,93,6,13,5,0,-38,-37,-70,-68,-60,-61,-129,-100,-109,-93,-98,-102,-102,-102,-157,-100,-108,-110,-103,-100,-103,-106,-102,8,6,6,10,108,108,112,113,113,115,115,114,114,105,107,99,99,83,105,84,90,71,85,48,52,0,0,0,0,0,0,0,0,0,0,0,0,0,8,8,64,0,8,0,0,0,9,0]} 1. Nf3 Nf6 2. g3 g6 3. Bg2 Bg7 4. O-O O-O 5. d4 c5 6. c4 d6 7. Nc3 Nc6 8. dxc5 dxc5 9. Be3 Be6 10. Bxc5 Qa5 11. Be3 {E65: King's Indian: Fianchetto: 6...c5 7 0-0 without d5 by White.} Bxc4 12. Nd2 Be6 13. Qa4 {Black is slightly better.} Qxa4 14. Nxa4 Nd5 15. Bc5 (15. Bxd5 $15 Bxd5 16. Nc3) 15... b6 {[#]} 16. Ba3 $146 ({Predecessor:} 16. e4 Ndb4 17. Bxb4 Nxb4 18. a3 Rad8 19. axb4 Rxd2 20. Nc3 Rxb2 21. Nd5 Bxd5 22. exd5 Rxb4 23. Rxa7 {½-½ (44) Funke,R-Walter,K (2105) Germany 1994}) 16... Rac8 17. Bxd5 Bxd5 18. Nc3 Be6 19. Nf3 {[#]} (19. Rac1 $142) 19... Rfd8 (19... b5 $142 $1 {[%mdl 512]} 20. Bc5 (20. Nxb5 Bc4) 20... b4) 20. Rac1 $17 a5 21. Ng5 Bc4 22. Na4 {[#]} b5 $1 {aiming for ...Nd4.} 23. Nb6 {[%mdl 64] Double Attack} Bxa2 (23... Rc7 $17 24. Nxc4 Nd4) 24. Nxc8 $11 Rxc8 25. Rc5 $1 b4 (25... Bc4 $11) 26. Rfc1 $16 bxa3 27. bxa3 Bb2 28. Rxc6 Rxc6 29. Rxc6 {And now Rc2 would win.} Bxa3 {[%mdl 4096] Endgame KRN-KB} 30. Ra6 Bb4 31. Nf3 Bc4 32. Ra8+ Kg7 33. Kf1 Kf6 34. Nd4 Bd5 35. Ra6+ (35. Ra7 {keeps more tension.} Ke5 36. Nc2 Bd2 37. Rxe7+ Kd6 38. Ra7) 35... Ke5 36. Nc6+ (36. Nc2 $14) 36... Bxc6 $1 $11 37. Rxc6 {KR-KB} Kd4 38. e3+ Kd3 $1 39. Ra6 Kc2 {...Kb3 is the strong threat.} 40. Ke2 $1 Kb3 41. Kd1 $1 a4 {Strongly threatening ...a3.} 42. Kc1 $1 a3 {Threatens to win with ...a2.} 43. Kb1 Kc3 ({Black should try} 43... f5 $11) 44. Kc1 (44. e4 $14) 44... Kd3 {The position is equal.} (44... Kb3 $5 45. Kb1 $8 f5 $16) 45. Kd1 Kc3 {White must now prevent ...Kb3.} 46. Kc1 Kd3 (46... Kb3 $5 47. Kb1 $8 f5 $14) 47. Kd1 {Accuracy: White = 78%, Black = 76%.} 1/2-1/2

[Event "Panchenko Memorial-B 2020"]
[Site "Chelyabinsk"]
[Date "2020.09.11"]
[Round "5.3"]
[White "Bivol, Alina"]
[Black "Maltsevskaya, Aleksandra"]
[Result "1/2-1/2"]
[WhiteElo "2386"]
[BlackElo "2272"]
[Annotator "TA"]
[PlyCount "79"]
[EventDate "2020.09.07"]
[EventType "swiss"]
[EventCountry "RUS"]
[SourceTitle "playchess.com"]
[Source "ChessBase"]
[SourceQuality "1"]

{[%evp 10,79,15,8,20,0,0,0,10,15,21,5,20,2,33,0,0,0,-2,-16,-10,-43,-45,-44,-32,-45,-33,-47,-20,-39,-48,-54,0,-35,-44,-53,-52,-52,-45,-35,-25,-22,-8,-8,0,0,4,0,0,-22,0,0,0,0,0,0,0,0,0,0,0,0,0,0,0,0,0,0,0,0,0,0]} 1. e4 c5 2. Nc3 Nc6 3. Bb5 Nd4 4. Nf3 e6 5. O-O a6 6. Bd3 Nc6 {B30: Sicilian: 2...Nc6 3 Bb5, lines without ...g6.} 7. e5 d6 8. exd6 Nf6 9. Ne4 Bxd6 10. Re1 O-O {[#]} 11. h3 $146 ({Predecessor:} 11. Nxf6+ Qxf6 12. Be4 e5 13. h3 Bd7 14. c3 h6 15. d4 exd4 16. cxd4 cxd4 17. Bxc6 Bxc6 18. Qxd4 Qxd4 19. Nxd4 {0-1 (60) Isanzhulov,A (2278)-Zhigalko,A (2549) Ekaterinburg 2019}) 11... h6 12. Nxd6 Qxd6 13. b3 e5 14. Bb2 {[%cal Rf3e5]} Re8 15. Nh2 Nd4 16. Bf1 Bf5 17. d3 Rad8 18. a4 e4 19. c3 {[#] aiming for dxe4.} Nc6 {[%cal Re4d3]} 20. dxe4 Qxd1 ({Black should try} 20... Qc7 $15 21. Qc1 Bxe4) 21. Rexd1 (21. Raxd1 {is more complex.} Rxd1 22. Rxd1 Bxe4 23. Rd2 Rd8 24. Rxd8+ Nxd8 25. Nf3) 21... Bxe4 22. Rxd8 Rxd8 23. Ba3 Bc2 24. Bxc5 Bxb3 25. Rb1 Bxa4 {next ...Ne4 is good for Black.The position is equal.} 26. Rxb7 Rd1 27. f3 $1 Nd5 28. Kf2 Rd2+ 29. Kg3 Nxc3 (29... f5 {feels hotter.} 30. h4 a5 31. Ba6 f4+ 32. Kh3 Bc2) 30. Bxa6 Ne2+ 31. Bxe2 Rxe2 32. Ng4 Rc2 33. Bg1 Rc1 34. Be3 Rc2 35. h4 h5 36. Nf2 Re2 37. Bc5 Rc2 38. Be3 Re2 39. Bc5 Rc2 40. Be3 {Accuracy: White = 93%, Black = 89%.} 1/2-1/2

[Event "Panchenko Memorial-B 2020"]
[Site "Chelyabinsk"]
[Date "2020.09.11"]
[Round "5.4"]
[White "Protopopova, Anastasiya"]
[Black "Guseva, Marina"]
[Result "1/2-1/2"]
[WhiteElo "2192"]
[BlackElo "2378"]
[Annotator "TA"]
[PlyCount "82"]
[EventDate "2020.09.07"]
[EventType "swiss"]
[EventCountry "RUS"]
[SourceTitle "playchess.com"]
[Source "ChessBase"]
[SourceQuality "1"]

{[%evp 19,82,18,24,13,38,21,40,35,31,31,31,45,45,43,37,34,36,34,37,33,33,36,48,45,48,37,35,29,32,0,0,-7,24,0,6,-17,-8,-8,-8,-7,-18,-35,-62,-28,0,0,0,0,0,0,0,0,0,0,0,0,0,0,0,0,0,0,0,0,0]} 1. d4 d5 2. c4 c6 3. Nf3 Nf6 4. Nc3 e6 5. Bg5 Nbd7 6. e3 Qa5 7. Nd2 Bb4 8. Qc2 O-O 9. Be2 c5 10. O-O cxd4 11. Nb3 {D52: Queen's Gambit Declined: Cambridge Springs Variation.} Qd8 12. Nxd4 Bxc3 13. Qxc3 {White is slightly better.} Ne4 14. Bxd8 Nxc3 15. bxc3 {[#] aiming for Be7.} Rxd8 16. cxd5 exd5 {[#]} 17. a4 $146 ({Predecessor:} 17. c4 dxc4 18. Bxc4 Nc5 19. Rfc1 {½-½ (19) Delchev,A (2632)-Malakhov,V (2675) Pamplona 2008}) 17... Nc5 18. a5 Be6 19. Rfb1 Rd7 20. Rb4 g6 21. g4 Rc8 22. Rab1 a6 23. Bf3 Rcc7 24. Rb6 Kf8 25. Bd1 Ke7 26. f3 Rd6 27. Nxe6 (27. Rxd6 {feels hotter.} Kxd6 28. Kf2 Bc8 29. Ke2 Nd7 30. Kd2) 27... Rxe6 28. Kf2 Rxb6 29. Rxb6 $11 {[%mdl 4096] Endgame KRB-KRN} Nd7 30. Rb4 Ne5 {[#] Threatens to win with ...Nd3+.} 31. Ke2 Nc4 32. Bb3 {The position is equal.} Nxa5 {White must now prevent ...Kd6.} 33. Bxd5 Rxc3 34. Bxb7 Nxb7 35. Rxb7+ {KR-KR} Kf8 36. Ra7 Ra3 37. h4 h6 38. Kf2 a5 39. Kg3 g5 40. hxg5 hxg5 41. Kf2 Ra2+ {Accuracy: White = 95%, Black = 93%.} 1/2-1/2